El gallego y su cuadrilla
Gorde:
| Egile nagusia: | |
|---|---|
| Formatua: | Liburua |
| Hizkuntza: | gaztelania |
| Argitaratua: |
Barcelona
Destino
1989
|
| Edizioa: | 6a. ed |
| Saila: | Destino libro, 27
|
| Gaiak: | |
| Etiketak: |
Etiketa erantsi
Etiketarik gabe, Izan zaitez lehena erregistro honi etiketa jartzen!
|
MARC
| LEADER | 00000nam a2200000 a 4500 | ||
|---|---|---|---|
| 001 | UCX3924 | ||
| 003 | CL-VaPUC | ||
| 008 | 920120e19890000SP |||||||||||||||||spa|d | ||
| 082 | 0 | 4 | |a 863 |b CEL |2 21 |
| 100 | 0 | |a Cela, Camilo José |e author |9 320105 | |
| 245 | 1 | 3 | |a El gallego y su cuadrilla |
| 250 | |a 6a. ed | ||
| 300 | |a 291 p | ||
| 942 | |c BK | ||
| 945 | |d 19920120 00:00:00 | ||
| 260 | |a Barcelona |b Destino |c 1989 | ||
| 650 | 0 | |a Novelas españolas |9 265052 | |
| 583 | |a last modification |c 19920120 00:00:00 |k Rodrigo Vera | ||
| 490 | 0 | |a Destino libro, 27 | |
| 999 | |c 224542 |d 224540 | ||
| 952 | |0 0 |1 0 |4 0 |6 863_000000000000000_CEL_1989 |7 0 |8 A |9 221239 |a BIBEDU |b BIBEDU |d 2019-11-15 |i 2900211 |o 863 CEL 1989 |p 2900211 |r 2019-11-15 |w 2019-11-15 |y BK |k LIT | ||